[Event "FIN-chT"]
[Site "FIN"]
[Date "1993.??.??"]
[Round "?"]
[White "Rantanen, Yrjo A"]
[Black "Maki, Veijo"]
[Result "1/2-1/2"]
[WhiteElo "2380"]
[BlackElo "2400"]

1.e4 g6 2.d4 Bg7 3.Nc3 d6 4.Be3 c6 5.a4 Nf6 6.f3 O-O 7.Qd2 e5 8.dxe5 dxe5
9.Qxd8 Rxd8 10.Nb1 Be6 11.Nd2 Na6 12.Bxa6 bxa6 13.Ne2 Bf8 14.Nc1 c5 15.Nd3 Nd7
16.b3 f6 17.O-O-O c4 18.Nxc4 Bxc4 19.bxc4 Nb6 20.Bxb6 axb6 21.Kb2 Rdc8 22.Kb3 Rc7
23.c3 Rac8 24.Nb2 b5 25.axb5 axb5 26.Rd5 bxc4+ 27.Kc2 Ra8 28.Rb5 Ra2 29.Rd1 Be7
30.Rdd5 Kf7 31.Rb8 h5 32.Rdb5 Ra1 33.R5b7 Rxb7 34.Rxb7 Rg1 35.Nxc4 Rxg2+
36.Kd3 Rxh2 37.Ne3 Ke6 38.Rb6+ Kd7 39.Rb7+ Ke8 40.Nd5 Bd8 41.Rh7 f5 42.exf5 gxf5
43.Ne3 e4+ 44.fxe4 Rh3 45.Ke2 f4 46.Nf5 f3+ 47.Kf1 Bb6 48.Rxh5 Rxh5 49.Ng7+ Kf7
50.Nxh5 Ke6 51.Nf4+  1/2-1/2

[Event "FIN-chT"]
[Site "FIN"]
[Date "1993.??.??"]
[Round "?"]
[White "Pulkkinen, Kari"]
[Black "Maki, Veijo"]
[Result "1/2-1/2"]
[WhiteElo "2265"]
[BlackElo "2400"]

1.e4 g6 2.d4 Bg7 3.Nc3 d6 4.h3 c6 5.a4 Nf6 6.g4 O-O 7.Bg2 e5 8.Be3 d5 9.exd5 Nxd5
10.Nxd5 cxd5 11.dxe5 Bxe5 12.c3 Be6 13.Nf3 Bg7 14.Bd4 Nc6 15.Bxg7 Kxg7 16.O-O Qb6
17.Qd2 Rfd8 18.Rfe1 d4 19.Ng5 Bb3 20.a5 Qb5 21.Bxc6 bxc6 22.cxd4 c5 23.Re5 Qc4
24.Ne4 Qxd4 25.Qf4 Rd6 26.Re7 Rc6 27.Rc1 Bd5 28.Rc3 Kf8 29.Re5 Bxe4 30.Rxe4 Qd1+
31.Kh2 Rd8 32.Rf3 Qd6 33.Re5  1/2-1/2

[Event "Forli op"]
[Site "Forli"]
[Date "1993.??.??"]
[Round "4"]
[White "Leoncini, Mario"]
[Black "Trevisani, Bruno"]
[Result "0-1"]
[WhiteElo "2250"]
[BlackElo "2320"]

1.e4 g6 2.d4 Bg7 3.Nc3 d6 4.f4 Nc6 5.Be3 Nf6 6.Nf3 O-O 7.d5 Nb8 8.Bd3 c6
9.O-O cxd5 10.exd5 Ng4 11.Qe2 Nxe3 12.Qxe3 Na6 13.Rfe1 Re8 14.Bb5 Bd7 15.Bxd7 Qxd7
16.Re2 Nc5 17.Nd4 Na4 18.Nxa4 Qxa4 19.Rd2 Rac8 20.b3 Qa3 21.c4 Rxc4 22.Rad1 Rc5
23.Nf3 Rc3 24.Qe4 Qc5+ 25.Kf1 Bf6 26.f5 Rc8 27.h4 Qe3 28.Qg4 h5 29.Qa4 Rc1
30.fxg6 fxg6 31.b4 b5 32.Qb3 Qxb3 33.axb3 Rxd1+ 34.Rxd1 Rc3  0-1

[Event "FRA"]
[Site "FRA"]
[Date "1993.??.??"]
[Round "?"]
[White "Boudre, Jean Pierre"]
[Black "Bricard, Emmanuel"]
[Result "0-1"]
[WhiteElo "2380"]
[BlackElo "2460"]

1.e4 g6 2.d4 Bg7 3.Nc3 d6 4.Be3 a6 5.Qd2 b5 6.f3 Nd7 7.h4 h6 8.Nh3 Bb7 9.Nf2 Ngf6
10.O-O-O Nb6 11.Bd3 Qd7 12.g4 O-O-O 13.Kb1 Kb8 14.Ne2 Qc8 15.Qa5 Nfd7 16.Nc3 c5
17.dxc5 dxc5 18.Bf4+ e5 19.Be3 Bf8 20.Bxb5 axb5 21.Nxb5 Ba6 22.Na3 Bb7 23.Nd3 Be7
24.Qc3 Qc7 25.Nc1 c4 26.Qa5 Bc5 27.Bxc5 Qxc5 28.Qe1 c3 29.Nb3 Qb4 30.Rh2 Na4
31.Rd5 Ndb6 32.Rxd8+ Rxd8 33.Rh1 cxb2  0-1

[Event "Gausdal MI9394"]
[Site "Gausdal"]
[Date "1993.??.??"]
[Round "1"]
[White "Djurhuus, Rune"]
[Black "Bern, Ivar"]
[Result "1-0"]
[WhiteElo "2460"]
[BlackElo "2370"]

1.Nc3 g6 2.d4 Bg7 3.e4 d6 4.Nge2 c6 5.a4 Nd7 6.h3 e5 7.g4 h5 8.g5 Ne7 9.Bg2 O-O
10.Be3 d5 11.exd5 Nf5 12.h4 exd4 13.Nxd4 Nxe3 14.fxe3 c5 15.Nf3 Ne5 16.Nxe5 Bxe5
17.O-O Bg3 18.Rf4 Bxf4 19.exf4 Qd6 20.Ne4 Qxf4 21.Qe1 Bf5 22.Nf6+ Kh8 23.Rd1 Bxc2
24.Rd2 Bxa4 25.d6 Rae8 26.Nxe8 Rxe8 27.Qf2 Qg4 28.Kh2 Bd7 29.Bxb7 Re5 30.Qf6+ Kg8
31.Qxe5 Qxh4+ 32.Kg1 Qg4+ 33.Rg2 Qd1+ 34.Kh2 Be6 35.Qxc5 h4 36.Rf2 Qb3 37.Bf3 Qd3
38.b4 a6 39.Qe5 Kh7 40.Bg4 Bc4 41.d7  1-0

[Event "Gausdal Int"]
[Site "Gausdal"]
[Date "1993.??.??"]
[Round "1"]
[White "Baum, Bernd"]
[Black "Davies, Nigel R"]
[Result "0-1"]
[WhiteElo "2305"]
[BlackElo "2505"]

1.e4 d6 2.d4 g6 3.Nc3 Bg7 4.f4 e6 5.Nf3 Ne7 6.Be3 Nd7 7.Qd2 a6 8.Bd3 b5 9.O-O Nf6
10.Rae1 Ng4 11.f5 Nxe3 12.Qxe3 O-O 13.g4 b4 14.Nd1 exf5 15.gxf5 d5 16.Qf4 f6
17.Ne3 c6 18.c3 bxc3 19.bxc3 Kh8 20.Kh1 Ra7 21.Rg1 Qa5 22.exd5 Qxc3 23.Bb1 g5
24.Qg4 Rb7 25.d6 Ng8 26.Qe4 Bd7 27.Rc1 Qb4 28.d5 Qxd6 29.dxc6 Rxb1 30.Qxb1 Bxc6
31.Rgf1 Ba8 32.Kg1 Rb8 33.Qc2 Rb4 34.Nc4 Qf4 35.a3 Qg4+ 36.Qg2 Rxc4 37.Qxg4 Rxg4+
38.Kf2 Rf4 39.Ke2 Re4+ 40.Kd3 Ra4 41.Rc3 Be4+ 42.Ke3 Ne7  0-1

[Event "Peer Gynt"]
[Site "Gausdal"]
[Date "1993.??.??"]
[Round "4"]
[White "Savchenko, Stanislav"]
[Black "Varavin, Viktor"]
[Result "1-0"]
[WhiteElo "2530"]
[BlackElo "2465"]

1.d4 d6 2.e4 g6 3.Nc3 Bg7 4.Be3 c6 5.Qd2 b5 6.f3 Nd7 7.h4 Nb6 8.h5 gxh5 9.Rxh5 Nf6
10.Rh1 h5 11.Nh3 Qc7 12.a3 Nc4 13.Bxc4 bxc4 14.Nf4 Rb8 15.Rb1 Ba6 16.Kf2 h4
17.Nfe2 Bc8 18.Bg5 h3 19.g4 e5 20.dxe5 dxe5 21.Kg3 Be6 22.Rxh3 Rxh3+ 23.Kxh3 Nh7
24.Be3 Rd8 25.Qe1 Bf6 26.Ng3 Bg5 27.Nf5 f6 28.Kg2 Bf4 29.Rd1 Rxd1 30.Nxd1 Ng5
31.Nf2 Bxf5 32.exf5 Bxe3 33.Qxe3 Qd7 34.f4 Qd5+ 35.Kg3 Nf7 36.fxe5 Nxe5 37.Ne4 Qd8
38.Qxa7 Nd7 39.Nd6+ Kf8 40.Nxc4 Qe7 41.Qe3 Qh7 42.Qe4 Qh6 43.Qxc6 Qc1 44.Qxd7 Qg1+
45.Kf3 Qf1+ 46.Ke3 Qxc4 47.Qd6+ Kg7 48.Qe7+ Kh8 49.Qxf6+ Kh7 50.Qe7+ Kh8
51.Qe5+ Kh7 52.f6  1-0

[Event "Gausdal Int"]
[Site "Gausdal"]
[Date "1993.??.??"]
[Round "5"]
[White "Engedal, Kim Nikolai"]
[Black "Bern, Ivar"]
[Result "1-0"]
[WhiteElo "2240"]
[BlackElo "2370"]

1.e4 g6 2.d4 Bg7 3.Nc3 d6 4.f4 Nc6 5.Be3 Nf6 6.Nf3 O-O 7.e5 Ng4 8.Bg1 d5
9.h3 Nh6 10.Qd2 f6 11.Bf2 fxe5 12.dxe5 e6 13.Be2 Ne7 14.g4 Bd7 15.Ng5 Rc8
16.Rd1 a6 17.Nce4 b6 18.h4 Nf7 19.Nf6+ Bxf6 20.exf6 Nc6 21.Nxf7 Rxf7 22.g5 Qe8
23.h5 e5 24.hxg6 hxg6 25.Rh6 Bf5 26.Qxd5 e4 27.Qb3 b5 28.a4 Na5 29.Qg3 Rh7
30.Rxh7 Kxh7 31.f7 Qxf7 32.Bd4 Kg8 33.axb5 Qh7 34.b4 Nb7 35.bxa6 Nd6 36.Kd2 Qd7
37.Kc1 e3 38.Qxe3 Re8 39.Be5 Qc6 40.Qd2 Nf7 41.Bb2 Nd6 42.Bd3  1-0

[Event "Gausdal Int"]
[Site "Gausdal"]
[Date "1993.??.??"]
[Round "6"]
[White "Bergstrom, Rolf"]
[Black "Davies, Nigel R"]
[Result "1/2-1/2"]
[WhiteElo "2255"]
[BlackElo "2505"]

1.e4 g6 2.d4 Bg7 3.Nc3 d6 4.Be3 a6 5.Qd2 Nd7 6.f3 b5 7.a4 b4 8.Nd1 Rb8 9.c3 bxc3
10.bxc3 c5 11.a5 Ngf6 12.Bd3 e5 13.d5 O-O 14.Ne2 Ne8 15.g4 Bf6 16.h4 Bxh4+
17.Kf1 f5 18.exf5 e4 19.Bxe4 Ne5 20.Bh6 gxf5 21.gxf5 Rf7 22.Qf4 Bf6 23.Qg3+ Bg7  1/2-1/2

[Event "Gausdal Int"]
[Site "Gausdal"]
[Date "1993.??.??"]
[Round "7"]
[White "Johnsen, Sverre"]
[Black "Reeh, Oliver"]
[Result "1/2-1/2"]
[WhiteElo "2215"]
[BlackElo "2435"]

1.d4 g6 2.e4 d6 3.Nc3 Bg7 4.Bc4 Nc6 5.Nf3 Nf6 6.O-O Bg4 7.Be3 O-O 8.h3 Bxf3
9.Qxf3 Nd7 10.Ne2 Nde5 11.dxe5 Nxe5 12.Bxf7+ Rxf7 13.Qg3 Nc4 14.Bc1 e6 15.Qb3 d5
16.Qxb7 Nd6 17.Qc6 Nxe4 18.Qxe6 c6 19.c3 Qe8 20.Nf4 d4 21.Re1  1/2-1/2

[Event "Gausdal Int"]
[Site "Gausdal"]
[Date "1993.??.??"]
[Round "7"]
[White "Stein, Bernd"]
[Black "Berg, Klaus"]
[Result "1/2-1/2"]
[WhiteElo "2360"]
[BlackElo "2395"]

1.e4 g6 2.d4 Bg7 3.Nc3 d6 4.f4 e6 5.Nf3 Ne7 6.Be3 Nd7 7.Qd2 b6 8.g3 Bb7 9.Bg2 O-O
10.O-O-O Nf6 11.Ng5 h6 12.Nh3 a6 13.Nf2 c5 14.dxc5 dxc5 15.Qxd8 Raxd8 16.Rxd8  1/2-1/2

[Event "Arnold Cup"]
[Site "Gausdal"]
[Date "1993.??.??"]
[Round "8"]
[White "Jansa, Vlastimil"]
[Black "Elsness, Frode"]
[Result "1/2-1/2"]
[WhiteElo "2520"]
[BlackElo "2260"]

1.e4 g6 2.d4 Bg7 3.Nc3 d6 4.Be3 a6 5.Nf3 Nf6 6.h3 b5 7.e5 Nfd7 8.Ng5 Nb6
9.Qf3 O-O 10.Bd3 c6 11.h4 h6 12.Nh3 dxe5 13.dxe5 Nd5 14.h5 Nd7 15.Bd4 Nxc3
16.Bxc3 b4 17.Bd4 Nxe5 18.Bxe5 Bxe5 19.hxg6 fxg6 20.Qxc6 Qd6 21.Qxa8 Bxh3
22.Qxa6 Qxa6 23.Bxa6 Bxg2 24.Rxh6 Kg7 25.Rh4 Bxb2 26.Rb1 Bc3+ 27.Ke2 Rf6
28.Bc8 Rc6 29.Bh3 Bd5 30.Rg1 Bxa2 31.Bf5 Bc4+ 32.Ke3 Bf7 33.Be4 Rd6 34.Rhg4 Bd4+
35.Ke2 Bc4+ 36.Kf3 Bf7 37.Bd3 Bc3 38.Ke2 e5 39.Ke3 Rf6 40.Ke2 Bd4 41.R1g2 Be8
42.Rh2 Bc6 43.Rgh4 Bf3+ 44.Ke1 Rc6 45.R2h3 Bd5 46.Rh7+ Kf6 47.Rd7 Be6 48.Rf3+ Bf5
49.Rh7 e4 50.Bxe4 Re6 51.Rh4 Kg5 52.Rff4 Be5 53.Bxf5 gxf5 54.Rxb4 f4 55.Rhxf4 Bxf4+
56.Kf1 Rc6 57.Kg2 Rxc2 58.Rb5+ Kg4 59.Rb7 Be3 60.Rf7 Bd4 61.Rf8  1/2-1/2

[Event "BL9293 (Women)"]
[Site "Germany"]
[Date "1993.??.??"]
[Round "?"]
[White "Zahn, Nicol"]
[Black "Gerlach, Manuela"]
[Result "0-1"]
[WhiteElo "2025"]
[BlackElo "2070"]

1.e4 g6 2.d4 Bg7 3.Nc3 d6 4.g3 Nc6 5.Be3 Nf6 6.h3 O-O 7.Bg2 e5 8.Nge2 Nd7
9.O-O f5 10.exf5 Rxf5 11.Qd2 Nb6 12.b3 Bd7 13.Rae1 Rb8 14.dxe5 Nxe5 15.f4 Nc6
16.Nd4 Rf8 17.Re2 Re8 18.Nxc6 bxc6 19.Rfe1 c5 20.Nd5 Nxd5 21.Bxd5+ Kh8 22.Kh2 Qf6
23.Qa5 Qc3 24.Qxc7 Bb5 25.Bc4 Bxc4 26.bxc4 Qxc4 27.Qxd6 Rbc8 28.Qd3 Qxa2
29.Bxc5 Red8 30.Qb5 h5 31.c4 Rd2 32.Qe8+ Rxe8 33.Rxd2 Qxd2+  0-1

[Event "BL9293 (Women)"]
[Site "Germany"]
[Date "1993.??.??"]
[Round "?"]
[White "Wolf, Sylvia"]
[Black "Janus, Elfi"]
[Result "0-1"]
[WhiteElo "2040"]
[BlackElo "2105"]

1.e4 d6 2.d4 g6 3.Nc3 Bg7 4.f4 c6 5.Nf3 Bg4 6.e5 dxe5 7.fxe5 Nh6 8.Bc4 O-O
9.O-O Nf5 10.Ne2 Bxf3 11.Rxf3 c5 12.e6 f6 13.Rxf5 gxf5 14.d5 Nc6 15.Ng3 Ne5
16.Nxf5 Kh8 17.Be2 Ng6 18.a4 Qc7 19.Bh5 Rg8 20.Bxg6 hxg6 21.Ra3 Rgd8 22.Rh3+ Kg8
23.Nxg7 Qe5 24.c4 Kxg7 25.Bh6+ Kg8 26.Qb1 f5 27.Bd2 Qd4+ 28.Be3 Qxc4 29.b3 Qxd5
30.Qb2 Qd1+ 31.Kf2 Rd4 32.Bxd4 Qxd4+ 33.Qxd4 cxd4 34.Rd3 Rd8 35.Kf3 Kg7 36.g4 Kf6
37.gxf5 Kxf5 38.h4 Kxe6 39.Ke4 Kf6 40.Rf3+ Ke6 41.Rd3 Rh8 42.Rh3 g5 43.h5 g4
44.Rh4 g3 45.Rg4 Rxh5 46.Rg6+ Kf7 47.Rxg3 Rh4+ 48.Ke5 Rh5+ 49.Kxd4 e5+ 50.Kd5 Kf6
51.Rf3+ Rf5 52.Rc3 Rf2 53.Rh3 Rd2+ 54.Ke4 Rd4+ 55.Ke3 Rb4 56.Rh6+ Kf5 57.Rh5+ Ke6
58.Kd3 Rxb3+ 59.Kc4 Rb1 60.Rh6+ Kf5 61.Rh5+ Kf4 62.Rh4+ Kg5 63.Rh7 e4 64.Rf7 Kg6
65.Rf4 Re1 66.Kc3 Kg5 67.Rf7 Rb1 68.Kd2 Kg6 69.Rf4 Rb4 70.a5 Ra4 71.a6 Rxa6
72.Rxe4 Kf6 73.Rb4 Rd6+ 74.Kc3 b6 75.Kc4 Ke6 76.Kb5 Rd5+ 77.Kc6 Rc5+ 78.Kb7 Ra5
79.Kc6 Ke5 80.Rh4 Rc5+ 81.Kb7 Ra5 82.Kc6 Ra2 83.Rh5+ Kd4 84.Rh4+ Kc3 85.Rh3+ Kb4
86.Rh4+ Ka5 87.Kb7 b5 88.Kxa7 b4 89.Rh5+ Ka4 90.Kb6 b3  0-1

[Event "BL9293 (Women)"]
[Site "Germany"]
[Date "1993.??.??"]
[Round "?"]
[White "Koglin, Anke"]
[Black "Ramseier, Jana S"]
[Result "1-0"]
[WhiteElo "2130"]
[BlackElo "2130"]

1.e4 g6 2.d4 Bg7 3.Nc3 d6 4.f4 Nf6 5.Nf3 c5 6.Bb5+ Bd7 7.e5 Ng8 8.e6 fxe6
9.Ng5 Nc6 10.dxc5 Bxc3+ 11.bxc3 Qa5 12.Bxc6 bxc6 13.cxd6 Qxc3+ 14.Bd2 Qd4
15.dxe7 Nxe7 16.Rb1 Nd5 17.Qe2 Nc3 18.Bxc3 Qxc3+ 19.Qd2 Qxd2+ 20.Kxd2 Rd8
21.Rhe1 Bc8+ 22.Kc3 Ke7 23.Rb4 h6 24.Nf3 Kf6 25.Ne5 Rd6 26.Ra4 a6 27.Rc4 Bb7
28.Rb1 Rh7 29.Rb6 Rc7 30.Nd3 Bc8 31.Nc5 a5 32.Ne4+ Ke7 33.Nxd6 Kxd6  1-0

[Event "BL2-S9293"]
[Site "Germany"]
[Date "1993.??.??"]
[Round "?"]
[White "Renner, Christoph"]
[Black "Gerigk, Erasmus"]
[Result "1-0"]
[WhiteElo "2385"]
[BlackElo "2265"]

1.e4 g6 2.d4 Bg7 3.Nc3 d6 4.Be3 c6 5.Qd2 b5 6.Bd3 Nd7 7.a4 b4 8.Nce2 a5 9.c3 bxc3
10.bxc3 Ngf6 11.Nf3 O-O 12.O-O Ba6 13.Rab1 Qc7 14.c4 Rfb8 15.h3 e5 16.d5 Rxb1
17.Rxb1 Rb8 18.Rxb8+ Nxb8 19.Nc3 Qb7 20.Qc2 Bf8 21.Nd2 Be7 22.Bf1 Bd8 23.Qb3 Qb4
24.dxc6 Nxc6 25.Nd5 Qb7 26.c5 dxc5 27.Bxc5 Kg7 28.Bxa6 Qxa6 29.Qb5 Qa8 30.f3 Nd7
31.Be3 h6 32.Nc4 Ndb8 33.Kf2 Nd4 34.Qe8 Nbc6 35.g3 Qb8 36.Bxd4 Nxd4 37.Qxe5+ Qxe5
38.Nxe5 Nb3 39.Nc6 Bf6 40.e5 Bg5 41.f4 Nc5 42.fxg5  1-0

[Event "GER CupT"]
[Site "Germany"]
[Date "1993.??.??"]
[Round "?"]
[White "Bauer, Reinhard"]
[Black "Hennig, Dirk"]
[Result "1/2-1/2"]
[WhiteElo "2310"]
[BlackElo "2325"]

1.d4 d6 2.Nc3 g6 3.e4 Bg7 4.Bg5 c6 5.Qd2 b5 6.f4 Qb6 7.e5 d5 8.Nf3 Na6 9.Be2 Nc7
10.O-O Bg4 11.a4 f6 12.a5 Qb7 13.Bh4 Nh6 14.h3 Bd7 15.Na2 O-O 16.Nb4 Rae8
17.Nd3 Qc8 18.Nc5 Ne6 19.Nxe6 Bxe6 20.Bd3 Bf5 21.b4 Be4 22.Qe2 f5 23.Nd2 Nf7
24.Nb3 Nd8 25.Bf2 Ne6 26.Be3 Rf7 27.h4 Bf8 28.Kf2 Ng7 29.Ke1 e6 30.Bd2 Nh5
31.Qf2 Be7 32.Rh1 Kh8 33.Rh3 Rg8 34.Kd1 Ng7 35.Kc1 Ne8 36.Kb2 Nc7 37.c3 Na6
38.Rg1 Qd8 39.Bxe4 fxe4 40.g4 Qf8 41.g5 Rf5 42.Qh2 h5 43.gxh6 Qxh6 44.Rg5 Kg7
45.h5 Bxg5 46.fxg5 Qxh5 47.Rxh5 gxh5 48.Qh3 Kg6 49.Nc1 Nc7 50.Ne2 Rf3 51.Nf4+ Rxf4
52.Bxf4 Rf8 53.Bg3 Rf5 54.Kc2 a6 55.Kd2 Ne8 56.Ke2 Ng7 57.Be1 Rf3 58.Qg2 Nf5
59.Qh2 Ne3 60.Qg1 Nc4 61.Bd2 Rd3 62.Be1 Rf3 63.Qh2 Ne3 64.Qg1 Nc4 65.Bd2 Rd3
66.Be1 Rf3 67.Bd2  1/2-1/2

[Event "Oberliga Nord O9293"]
[Site "Germany"]
[Date "1993.??.??"]
[Round "?"]
[White "Postler, Reinhard"]
[Black "Syre, Christian"]
[Result "1-0"]
[WhiteElo "2350"]
[BlackElo "2275"]

1.e4 g6 2.d4 Bg7 3.Nc3 d6 4.Nf3 Nf6 5.Be2 O-O 6.O-O c6 7.e5 dxe5 8.Nxe5 Nfd7
9.Nf3 Nb6 10.h3 N8d7 11.Bg5 Nf6 12.Re1 Bf5 13.Bf1 Nbd5 14.Nxd5 cxd5 15.c3 Ne4
16.Bf4 Qc8 17.Nd2 Nxd2 18.Qxd2 Qd7 19.Bh6 Rfc8 20.Bxg7 Kxg7 21.Re3 Be6 22.Rae1 Qd6
23.Re5 Rc7 24.Qe3 a6 25.Bd3 Re8 26.Rh5 Rh8 27.Qh6+ Kg8 28.Rhe5 Bc8 29.h4 f6
30.R5e3 e6 31.Rf3 f5 32.Bxf5 gxf5 33.Rg3+ Qxg3 34.fxg3 Kf7 35.g4  1-0

[Event "GER-ch (Women)"]
[Site "Germany"]
[Date "1993.??.??"]
[Round "?"]
[White "Koglin, Anke"]
[Black "Janus, Elfi"]
[Result "1-0"]
[WhiteElo "2130"]
[BlackElo "2105"]

1.e4 d6 2.d4 g6 3.Nc3 Bg7 4.f4 Nf6 5.Nf3 c6 6.Be2 a5 7.O-O Na6 8.Kh1 Bg4
9.e5 Nh5 10.Ng5 Bxe2 11.Qxe2 O-O 12.g4 h6 13.Nf3 dxe5 14.dxe5 Nxf4 15.Bxf4 Qb6
16.Ne4 g5 17.Bg3 c5 18.c3 Qe6 19.h3 b6 20.Ned2 Nc7 21.Nc4 f5 22.gxf5 Rxf5
23.Ne3 Rf7 24.Qg2 Raf8 25.c4 b5 26.cxb5 Nxb5 27.Kh2 Na7 28.b3 Nc6 29.Nc4 a4
30.Rae1 axb3 31.axb3 Nb4 32.Nfd2 Nd3 33.Rxf7 Rxf7 34.Re3 Nf4 35.Bxf4 Rxf4
36.Re4 Rf5 37.Qe2 Qf7 38.Kg2 Qd5 39.Ne3  1-0

[Event "NRW-Liga I 9293"]
[Site "Germany"]
[Date "1993.??.??"]
[Round "?"]
[White "Nun, Jiri"]
[Black "Belov, Igor"]
[Result "0-1"]
[WhiteElo "2435"]
[BlackElo "2440"]

1.e4 d6 2.d4 g6 3.Nc3 Bg7 4.Be2 Nf6 5.Be3 c6 6.h3 O-O 7.Nf3 Qc7 8.Qd2 b5
9.a3 Nbd7 10.O-O Bb7 11.Bh6 a6 12.Bxg7 Kxg7 13.Qe3 c5 14.d5 Rae8 15.Nd2 e6
16.dxe6 Rxe6 17.Qd3 Rfe8 18.f3 d5 19.f4 d4 20.Na2 Nxe4 21.Rae1 Qd6 22.b3 c4
23.Nxe4 Bxe4 24.Qd2 Qc5 25.b4 Qb6 26.Kh2 Nf6 27.Bd1 Nd5 28.Qf2 Ne3 29.Rg1 Ba8
30.Nc1 Qd6 31.g3 Qd5  0-1

[Event "Hessen-Baden"]
[Site "Germany"]
[Date "1993.??.??"]
[Round "?"]
[White "Pfrommer, Christoph"]
[Black "Buchal, Stephan"]
[Result "1/2-1/2"]
[WhiteElo "2325"]
[BlackElo "2305"]

1.e4 g6 2.d4 Bg7 3.Nc3 d6 4.f4 Nf6 5.Nf3 c5 6.dxc5 Qa5 7.Bd3 Qxc5 8.Qe2 Nc6
9.Be3 Qa5 10.O-O Bg4 11.h3 Bxf3 12.Qxf3 O-O 13.a3 Nd7 14.Bd2 Qb6+ 15.Kh1 Nc5
16.Rab1 Nxd3 17.cxd3 f5 18.g4 e6 19.gxf5 exf5 20.Nd5 Qd8 21.Bc3  1/2-1/2

[Event "BL2-S9293"]
[Site "Germany"]
[Date "1993.??.??"]
[Round "?"]
[White "Carstens, Andreas"]
[Black "Fritsch, Rolf"]
[Result "0-1"]
[WhiteElo "2360"]
[BlackElo "2220"]

1.e4 g6 2.d4 Bg7 3.Nc3 d6 4.f4 Nf6 5.Nf3 c5 6.dxc5 Qa5 7.Bd3 Qxc5 8.Qe2 Nc6
9.Be3 Qa5 10.O-O Bg4 11.h3 Bxf3 12.Qxf3 O-O 13.a3 Rac8 14.Nd5 Nxd5 15.exd5 Nd4
16.Qf2 Qxd5 17.Rad1 Nf5 18.Bxa7 Bxb2 19.c4 Qa5 20.Bxf5 gxf5 21.Rd5 Qxa3 22.Rxf5 Rxc4
23.Rg5+ Kh8 24.Rb5 Qxa7 25.Qxa7 Bd4+ 26.Qxd4+ Rxd4 27.Rxb7 e6 28.Rf2 Kg7
29.f5 e5 30.f6+ Kg6 31.Rb3 Rf4 32.Rxf4 exf4 33.Rd3 Rd8 34.Rd5 Kxf6 35.Kf2 Ke6
36.Rh5 Rg8 37.Kf3 d5 38.Rxh7 Rg3+ 39.Kxf4 Rxg2 40.h4 d4 41.Ke4 Rg4+ 42.Kd3 f5
43.Rh8 Ke5 44.Re8+ Kf4 45.h5 Rh4 46.Rh8 Kg5 47.Rf8 Rxh5 48.Kxd4 Kf4 49.Ra8 Rh7
50.Ra1 Rd7+ 51.Kc4 Ke3 52.Ra3+ Ke4  0-1

[Event "BL2-W9293"]
[Site "Germany"]
[Date "1993.??.??"]
[Round "?"]
[White "Winterstein, Wolfgang"]
[Black "Eising, Johannes"]
[Result "1-0"]
[WhiteElo "2310"]
[BlackElo "2330"]

1.e4 g6 2.d4 Bg7 3.Nc3 d6 4.f4 Nf6 5.Nf3 c5 6.Bb5+ Bd7 7.e5 Ng4 8.e6 Bxb5
9.exf7+ Kd7 10.Nxb5 Qa5+ 11.Nc3 cxd4 12.Nxd4 Bxd4 13.Qxd4 Nc6 14.Qc4 Rac8
15.Bd2 Qa6 16.Qxa6 bxa6 17.O-O Rhf8 18.Ne4 Rxf7 19.h3 Nf6 20.Nxf6+ Rxf6 21.Bc3 Rf5
22.Rf3 Rcf8 23.Raf1 Rc5 24.g4 e6 25.Kg2 Ne7 26.R1f2 Rfc8 27.Bd4 Rxc2 28.Bxa7 Rxf2+
29.Rxf2 Rc4 30.b3 Rc3 31.Rf3 Rc1 32.a4 d5 33.Rd3 Nc6 34.Be3 Rc2+ 35.Kf3 Kd6
36.Kg3 Nb4 37.Rd4 Nc6 38.Rd3 Rb2 39.Bd2 d4 40.Bc1 Rc2  1-0

[Event "BL2-N9293"]
[Site "Germany"]
[Date "1993.??.??"]
[Round "?"]
[White "Hedke, Fred"]
[Black "Kauschmann, Herbert"]
[Result "1-0"]
[WhiteElo "2320"]
[BlackElo "2220"]

1.e4 g6 2.d4 Bg7 3.Nc3 d6 4.g3 Nc6 5.d5 Nb8 6.Bg2 Nf6 7.Nge2 O-O 8.O-O c6
9.h3 Qc7 10.Be3 Nbd7 11.b3 cxd5 12.exd5 a6 13.Qd2 Re8 14.a4 b6 15.Rad1 Bb7
16.Nb1 Nc5 17.Qb4 a5 18.Qa3 Rac8 19.c4 Nfd7 20.Nbc3 Ba6 21.Rfe1 Ne5 22.Nd4 Bb7
23.Re2 e6 24.Ndb5 Qb8 25.Red2 exd5 26.Nxd5 Rcd8 27.Bg5 Bxd5 28.Bxd5 Rd7 29.Be3 Ne6
30.f4 Bh6 31.Re2 Nc7 32.Bg2 Nxb5 33.cxb5 d5 34.Bf2 Bf8 35.Qa2 d4 36.Rxe5 Rxe5
37.fxe5 Qxe5 38.Qc2 Bc5 39.Qe4 Qd6 40.Qc6 Qe7 41.Re1  1-0

[Event "Oberliga Nord N9293"]
[Site "Germany"]
[Date "1993.??.??"]
[Round "?"]
[White "Mordhorst, Henning"]
[Black "Sommerfeld, Armin"]
[Result "0-1"]
[WhiteElo "2310"]
[BlackElo "2250"]

1.e4 g6 2.d4 Bg7 3.Nc3 d6 4.h3 Nf6 5.Nf3 O-O 6.Be3 c6 7.Qd2 Nbd7 8.Bd3 e5
9.dxe5 dxe5 10.O-O Qe7 11.Ne2 Nc5 12.Qb4 Nfd7 13.a4 a5 14.Qa3 Re8 15.Rfd1 Bf8
16.Nc3 Nxd3 17.Qxe7 Bxe7 18.Rxd3 Nc5 19.Rd2 f6 20.Rad1 Be6 21.Ne1 Rab8 22.Nd3 b6
23.Nxc5 bxc5 24.Rb1 Rb4 25.Rdd1 Reb8 26.Bc1 f5 27.b3 Kf7 28.Ba3 Rd4 29.Re1 f4
30.Bb2 Rd2 31.Re2 Rbd8 32.Rc1 c4 33.Rxd2 Rxd2 34.Nb1 Re2 35.bxc4 Bc5 36.Bxe5 Bxf2+
37.Kf1 Bxc4 38.Na3 Rxc2+ 39.Nxc4 Rxc1+ 40.Kxf2 Rxc4 41.Bxf4 Rxe4  0-1

[Event "BL2-W9293"]
[Site "Germany"]
[Date "1993.??.??"]
[Round "?"]
[White "Kaeding, Rainer"]
[Black "Timpel, Klaus"]
[Result "0-1"]
[WhiteElo "2250"]
[BlackElo "2290"]

1.e4 g6 2.d4 Bg7 3.Nc3 d6 4.f4 c6 5.Nf3 Bg4 6.Be3 Qb6 7.Qd2 Bxf3 8.gxf3 Nd7
9.O-O-O Qa5 10.Kb1 b5 11.f5 Rb8 12.h4 Nb6 13.h5 b4 14.Ne2 Nc4 15.Qd3 Nxe3
16.Qxe3 Bh6 17.f4 gxf5 18.e5 dxe5 19.dxe5 e6 20.Rd6 Ne7 21.Nd4 Rc8 22.Bg2 Qc5
23.c3 Rg8 24.Bf3 Nd5 25.Bxd5 cxd5 26.cxb4 Qxb4 27.Nxe6 Rg2 28.Qd4 Rxb2+  0-1

[Event "BL2-W9293"]
[Site "Germany"]
[Date "1993.??.??"]
[Round "?"]
[White "Luetke, Jens"]
[Black "Haub, Thorsten Michael"]
[Result "1/2-1/2"]
[WhiteElo "2330"]
[BlackElo "2295"]

1.e4 g6 2.d4 Bg7 3.Nc3 d6 4.Be3 Nd7 5.Nf3 e6 6.Qd2 h6 7.Be2 a6 8.a4 b6 9.O-O Bb7
10.h3 Ne7 11.Rad1 Nf6 12.e5 Nfd5 13.Nxd5 Nxd5 14.c4 Nxe3 15.Qxe3 O-O 16.b3 Qe7
17.exd6 Qxd6 18.Rd3 Rad8 19.Rfd1 Kh7 20.Ne5 Qe7 21.Bf3 Bxf3 22.Qxf3 Rd6 23.Nc6 Qe8
24.Ne5 Qe7 25.Qe4 Qg5 26.f4 Qf5 27.Qxf5 gxf5 28.Kf2 Kg8 29.d5 Re8 30.Nf3 Red8
31.Ke2 Kf8 32.Ne5 Re8 33.Re3 Red8 34.Nc6 Re8 35.Nb4 a5 36.Nc6 h5 37.Kf3 h4
38.Rde1 Bf6 39.Rd1 Kg7 40.Na7 Red8 41.Red3 R6d7 42.Nc6 Re8 43.Re3 Be7 44.Ne5 Rdd8
45.Red3 Bd6 46.Nc6 Rd7 47.Nd4 Rde7 48.dxe6 fxe6 49.Nb5 Bc5 50.Rd7 Kf7 51.g4 hxg3
52.Kxg3 Rg8+ 53.Kf3 Rh8 54.Rxe7+ Kxe7 55.Rh1 c6 56.Nc3 Rd8 57.Rd1 Rh8 58.Kg2 Rg8+
59.Kf3  1/2-1/2

[Event "BL2-S9293"]
[Site "Germany"]
[Date "1993.??.??"]
[Round "?"]
[White "Belik, Dalibor"]
[Black "Ostl, Andreas"]
[Result "1/2-1/2"]
[WhiteElo "2335"]
[BlackElo "2335"]

1.e4 d6 2.d4 g6 3.Nc3 Bg7 4.Be3 Nd7 5.Qd2 b6 6.Nf3 Bb7 7.h3 a6 8.a4 h6 9.Bd3 e6
10.O-O Ne7 11.Rae1 c6 12.Ne2 Qc7 13.c4 a5 14.Nc3 e5 15.Rc1 Rd8 16.Rfd1 f5
17.g3 Qb8 18.exf5 gxf5 19.dxe5 dxe5 20.Nh4 Nc5 21.Bxc5 bxc5 22.Qe3 e4 23.Be2 Bd4
24.Bh5+ Kf8 25.Qf4 Qxf4 26.gxf4 Rg8+ 27.Kf1 Kg7 28.Ne2 Bc8 29.b3 Be6 30.Ng2 Rd7
31.Rd2 Rb8 32.Rcd1 Rxb3 33.Ne3 Kf6 34.Nxd4 cxd4 35.Rxd4 Rbb7  1/2-1/2

[Event "BL2-W9293"]
[Site "Germany"]
[Date "1993.??.??"]
[Round "?"]
[White "Bletz, Harald"]
[Black "Weiermann, Andreas"]
[Result "1/2-1/2"]
[WhiteElo "2295"]
[BlackElo "2260"]

1.d4 d6 2.e4 g6 3.Nc3 Bg7 4.Be3 Nf6 5.f3 c6 6.Qd2 b5 7.Bd3 O-O 8.Nge2 Nbd7
9.Bh6 a6 10.Bxg7 Kxg7 11.Ng3 e5 12.dxe5 Nxe5 13.f4 Ned7 14.O-O Re8 15.Kh1 c5
16.Be2 b4 17.Nd5 Bb7 18.Bf3 Nxd5 19.exd5 f5 20.a3 a5 21.Rfe1 Nf6 22.c3 Rxe1+
23.Rxe1 bxa3 24.bxa3 Qc7 25.h3 Re8 26.c4 Rxe1+ 27.Qxe1 Bc8 28.Ne2 Kf7 29.Nc3 Bd7
30.Nb5 Qb6 31.Kh2 Bc8 32.Bd1 Nxd5 33.Nxd6+ Qxd6 34.cxd5 Qxd5 35.Bf3 Qd6 36.Qxa5 Qxf4+
37.Kh1 Qc1+ 38.Kh2 Qf4+ 39.Kh1 Qc1+ 40.Kh2 Qf4+  1/2-1/2

[Event "Gladsaxe"]
[Site "Gladsaxe"]
[Date "1993.??.??"]
[Round "9"]
[White "Nielsen, Jesper Arwid"]
[Black "Kaspersen, Morten"]
[Result "1-0"]
[WhiteElo "2100"]
[BlackElo "2215"]

1.e4 g6 2.d4 Bg7 3.Nc3 d6 4.Be3 c6 5.Qd2 b5 6.Bd3 Nd7 7.Nge2 Bb7 8.f3 a6
9.Nd1 e5 10.c3 Ngf6 11.g4 d5 12.g5 Nh5 13.Nf2 O-O 14.Ng3 exd4 15.cxd4 Nxg3
16.hxg3 c5 17.Ng4 Re8 18.Qh2 h5 19.gxh6 Bxd4 20.h7+ Kh8 21.Bxd4+ cxd4 22.O-O Ne5
23.Nxe5 Rxe5 24.g4 Qe7 25.f4 Rxe4 26.Bxe4 dxe4 27.f5 e3 28.Qf4 Qe4 29.Qxe4 Bxe4
30.Rf4 Re8 31.fxg6 fxg6 32.Re1 Kxh7 33.Rf7+ Kh6 34.Rd7 Bc2 35.Rxd4 e2 36.Kf2 Bd1
37.Rd5 Re6 38.Rh1+ Kg7 39.Rd7+ Kf6 40.Rd5 Re4 41.Rd6+ Kg5 42.Rxa6 Rf4+ 43.Ke1 Rxg4
44.Ra5 Rb4 45.b3 Kf6 46.Rg1 g5 47.Ra6+ Kf5 48.Rb6 Kf4 49.Rg6 Re4 50.R6xg5 Ke3
51.R5g4 Bc2 52.R1g3+ Kd4 53.Rxe4+ Bxe4 54.Kxe2 Kc5 55.a3 Bd5 56.Rc3+ Kd4
57.Kd2 Be6 58.Kc2 Bf5+ 59.Kb2 Bd7 60.Rc2 Be8 61.Rd2+ Kc5 62.Kc3 b4+ 63.axb4+ Kc6
64.Re2 Bf7 65.Re7 Bg8 66.Rg7 Bd5 67.Rg6+ Kb7  1-0